000 00619nam a2200217Ia 4500
003 BUBTL
008 151213s9999 xx 000 0 und d
082 _a950.07/ Sa211o/ 1995
100 _aSaid, Edward W.
_95040
245 _aOrientalism : western conceptions of the orient /
_cEdward W. Said
250 _a1st Edn.
260 _aNew York
_bPenguin Books
_cc1995
300 _a396p. :
_c19 cm
500 _aIncludes Index
650 _aEnglish Literature
650 _a
700 _aEdward W. Said
_95041
856 _k0
_l0
_yDownload
942 _2ddc
_cBK
999 _c2180
_d2180